[Event "HUN-ch U14"]
[Site "Balatonlelle"]
[Date "2016.06.26"]
[Round "3"]
[White "Csajbok, Levente Tamas"]
[Black "Baranyi, Robert"]
[Result "0-1"]
[WhiteElo "1588"]
[BlackElo "1809"]
[PlyCount "72"]
[EventDate "2016.06.24"]
[EventType "swiss"]
[EventRounds "7"]
[EventCountry "HUN"]
[SourceTitle "CBM 173 Extra"]
[Source "ChessBase"]
[SourceDate "2016.08.29"]
[SourceVersion "1"]
[SourceVersionDate "2016.08.29"]
[SourceQuality "1"]

1. e4 Nf6 2. e5 Nd5 3. c4 Nb6 4. d4 d6 5. exd6 cxd6 6. Nc3 g6 7. Be3 Bg7 8. Rc1 0-0 9. Bd3 e5 10. dxe5 dxe5 11. Nge2 f5 12. b3 f4 13. Bc5 Rf7 14. Bxg6 Qxd1+ 15. Rxd1 hxg6 16. Rd8+ Kh7 17. Bxb6 Nc6 18. Ne4 Nxd8 19. Bxd8 Rd7 20. Nf6+ Bxf6 21. Bxf6 b6 22. Nc3 Bb7 23. 0-0 Re8 24. f3 Re6 25. Bh4 Bc6 26. Rc1 Red6 27. Be1 g5 28. h3 Rd3 29. Kf2 Kg6 30. Rc2 Re3 31. Rc1 Bxf3 32. gxf3 Rdd3 33. Rd1 Rxf3+ 34. Kg2 Rxc3 35. Bxc3 Rxc3 36. Rd2 Kf5 0-1

[Event "HUN-ch U14"]
[Site "Balatonlelle"]
[Date "2016.06.24"]
[Round "1"]
[White "Csajbok, Levente Tamas"]
[Black "Ongut, Tamas Gunes"]
[Result "0-1"]
[WhiteElo "1588"]
[BlackElo "1922"]
[PlyCount "60"]
[EventDate "2016.06.24"]
[EventType "swiss"]
[EventRounds "7"]
[EventCountry "HUN"]
[SourceTitle "CBM 173 Extra"]
[Source "ChessBase"]
[SourceDate "2016.08.29"]
[SourceVersion "1"]
[SourceVersionDate "2016.08.29"]
[SourceQuality "1"]

1. e4 e6 2. d4 d5 3. exd5 exd5 4. Bd3 c5 5. dxc5 Bxc5 6. Qf3 Nc6 7. Ne2 Nge7 8. c3 Ne5 9. Bb5+ N7c6 10. Qg3 Ng6 11. Be3 Bd6 12. f4 0-0 13. 0-0 Nh4 14. Nd4 Bd7 15. Bd3 Re8 16. Nd2 Ng6 17. Rae1 a6 18. Nxc6 bxc6 19. Nb3 Qc7 20. Bxg6 hxg6 21. Nc5 Bf5 22. Qh4 Rxe3 23. Rxe3 Bxc5 24. Qf2 Qa7 25. Rfe1 Be4 26. Kh1 Re8 27. Kg1 f5 28. h3 Kf7 29. b4 Bb6 30. Qe2 Bxg2 0-1

[Event "Budapest Art Pub op 9th"]
[Site "Budapest"]
[Date "2015.11.22"]
[Round "6"]
[White "Fodor, Kornel"]
[Black "Csajbok, Levente Tamas"]
[Result "1/2-1/2"]
[WhiteElo "1731"]
[BlackElo "1595"]
[PlyCount "75"]
[EventDate "2015.11.20"]
[EventType "swiss"]
[EventRounds "6"]
[EventCountry "HUN"]
[SourceTitle "CBM 169 Extra"]
[Source "ChessBase"]
[SourceDate "2015.12.18"]
[SourceVersion "1"]
[SourceVersionDate "2015.12.18"]
[SourceQuality "1"]

1. c4 c5 2. Nf3 Nf6 3. d4 g6 4. Nc3 d5 5. dxc5 Qa5 6. cxd5 Qxc5 7. g3 Bg7 8. Bg2 0-0 9. 0-0 Rd8 10. Be3 Qa5 11. Nd4 Nbd7 12. Nb3 Qb4 13. a3 Qc4 14. Rc1 Nb6 15. Ne4 Qb5 16. Rc5 Qe8 17. Nxf6+ Bxf6 18. Bd4 Bxd4 19. Nxd4 Na4 20. Rc2 Nb6 21. e4 Bd7 22. f4 e6 23. e5 Nxd5 24. Bxd5 exd5 25. Qf3 Bc6 26. Nxc6 bxc6 27. Rfc1 Rac8 28. b4 h5 29. Re2 Qe7 30. Qf2 Qd7 31. Rec2 a6 32. Qb6 d4 33. Rxc6 d3 34. Rxc8 Rxc8 35. Rxc8+ Qxc8 36. Qe3 Qc2 37. Kf1 Qd1+ 38. Qe1 1/2-1/2

[Event "Budapest Art Pub op 9th"]
[Site "Budapest"]
[Date "2015.11.21"]
[Round "4"]
[White "Csajbok, Levente Tamas"]
[Black "Kormos, Adam"]
[Result "0-1"]
[WhiteElo "1595"]
[BlackElo "2137"]
[PlyCount "94"]
[EventDate "2015.11.20"]
[EventType "swiss"]
[EventRounds "6"]
[EventCountry "HUN"]
[SourceTitle "CBM 169 Extra"]
[Source "ChessBase"]
[SourceDate "2015.12.18"]
[SourceVersion "1"]
[SourceVersionDate "2015.12.18"]
[SourceQuality "1"]

1. e4 c5 2. Nf3 d6 3. d4 cxd4 4. Qxd4 Nf6 5. Nc3 a6 6. Bc4 Nc6 7. Qd3 Bg4 8. Bb3 e6 9. 0-0 Be7 10. h3 Bh5 11. Nd4 0-0 12. f4 Nxd4 13. Qxd4 Rc8 14. Kh1 Rxc3 15. bxc3 Be2 16. Re1 Bb5 17. c4 Bc6 18. Ba3 Qa5 19. Bb2 Qh5 20. Qd3 Nd7 21. Ba3 Nc5 22. Bxc5 Qxc5 23. c3 Rc8 24. Qd4 Qh5 25. Qd3 Qh4 26. Qe3 a5 27. Bc2 Be8 28. Bd3 Rc5 29. Rab1 Bc6 30. Kh2 Qf6 31. Rbc1 Qh6 32. Qf2 Bh4 33. g3 Be7 34. Qf1 Bf6 35. g4 g5 36. f5 Be5+ 37. Kg1 exf5 38. exf5 Qf6 39. Be4 Bxc3 40. Re2 Qd4+ 41. Qf2 Bxe4 42. Rxc3 Qxc3 43. Rxe4 Rxc4 44. Re8+ Kg7 45. f6+ Kh6 46. Re3 Qc1+ 47. Re1 Qf4 0-1

[Event "HUN-chT2 Asztalos 1516"]
[Site "Hungary"]
[Date "2015.09.13"]
[Round "1.11"]
[White "Csajbok, Levente Tamas"]
[Black "Ronai, Akos Balazs"]
[Result "0-1"]
[WhiteElo "1655"]
[BlackElo "1647"]
[PlyCount "100"]
[EventDate "2015.09.13"]
[EventType "team-tourn"]
[EventRounds "11"]
[EventCountry "HUN"]
[SourceTitle "CBM 170 Extra"]
[Source "ChessBase"]
[SourceDate "2016.02.25"]
[SourceVersion "1"]
[SourceVersionDate "2016.02.25"]
[SourceQuality "1"]
[WhiteTeam "Kiraly Sakk"]
[BlackTeam "Pecs Karmin"]
[WhiteTeamCountry "HUN"]
[BlackTeamCountry "HUN"]

1. e4 c5 2. Nf3 Nc6 3. d4 cxd4 4. Nxd4 Qb6 5. Nb3 Nf6 6. Nc3 e6 7. a3 Be7 8. Be3 Qc7 9. Be2 0-0 10. 0-0 b6 11. f4 d6 12. Bf3 Bb7 13. Qe1 Rfd8 14. Rd1 Bf8 15. Nb5 Qb8 16. c4 Ne7 17. e5 Bxf3 18. Rxf3 dxe5 19. Rxd8 Qxd8 20. fxe5 Ng4 21. Bg5 h6 22. Bh4 g5 23. Bg3 Nf5 24. h3 Nge3 25. Nd2 Bc5 26. Bf2 g4 27. hxg4 Nxg4 28. Bxc5 bxc5 29. Ne4 Nxe5 30. Rh3 Qe7 31. Ng3 Nxg3 32. Rxg3+ Ng6 33. Qe3 Kg7 34. Qe5+ Qf6 35. Qxc5 Rd8 36. Qe3 Rd1+ 37. Kh2 Qxb2 38. Nxa7 Qb8 39. Nc6 Qb1 40. Rg4 h5 41. Rg5 Rh1+ 42. Kg3 h4+ 43. Kg4 Qd1+ 44. Qf3 Qxf3+ 45. Kxf3 Rf1+ 46. Ke2 Rf4 47. Rc5 Rg4 48. Kf2 Rg3 49. a4 Nf4 50. a5 Nd3+ 0-1

[Event "Budapest Art Pub Cup 8th"]
[Site "Budapest"]
[Date "2015.07.10"]
[Round "2"]
[White "Csajbok, Levente Tamas"]
[Black "Csalami, Gabor"]
[Result "0-1"]
[WhiteElo "1668"]
[BlackElo "1902"]
[PlyCount "94"]
[EventDate "2015.07.09"]
[EventType "swiss"]
[EventRounds "7"]
[EventCountry "HUN"]
[SourceTitle "CBM 167 Extra"]
[Source "ChessBase"]
[SourceDate "2015.09.14"]
[SourceVersion "1"]
[SourceVersionDate "2015.09.14"]
[SourceQuality "1"]

1. e4 c5 2. Nf3 a6 3. d4 cxd4 4. Nxd4 Nf6 5. Nc3 e5 6. Nf3 Nc6 7. Bc4 Bb4 8. Bd2 0-0 9. Qe2 d6 10. h3 Be6 11. Bd3 Qd7 12. 0-0 Rfd8 13. a3 Ba5 14. b4 Bb6 15. Rad1 Nd4 16. Nxd4 Bxd4 17. Qf3 Rac8 18. Ne2 d5 19. Nxd4 exd4 20. e5 Ne4 21. Bxe4 dxe4 22. Qg3 Bf5 23. Bh6 Bg6 24. Bg5 Re8 25. Rd2 d3 26. cxd3 exd3 27. h4 h5 28. Kh1 Rc2 29. Rfd1 Rxd2 30. Rxd2 b5 31. Kh2 Qd4 32. f4 Qe4 33. Qf2 Rc8 34. Be7 Rc2 35. Bc5 Rxd2 36. Qxd2 Qc4 37. Be3 Qb3 38. Qe1 Kh7 39. Kg1 Be4 40. Bd2 Qd5 41. g3 Bf5 42. Qf1 Bd7 43. Kh2 Bc6 44. Qg1 Qf3 45. Be1 Qe2+ 46. Kh3 Bd7+ 47. g4 Bxg4+ 0-1

[Event "HUN-ch U12"]
[Site "Balatonlelle"]
[Date "2015.06.22"]
[Round "7"]
[White "Csajbok, Levente Tamas"]
[Black "Dibusz, Domonkos"]
[Result "0-1"]
[WhiteElo "1586"]
[BlackElo "1656"]
[PlyCount "44"]
[EventDate "2015.06.18"]
[EventType "swiss"]
[EventRounds "9"]
[EventCountry "HUN"]
[SourceTitle "CBM 167 Extra"]
[Source "ChessBase"]
[SourceDate "2015.09.14"]
[SourceVersion "1"]
[SourceVersionDate "2015.09.14"]
[SourceQuality "1"]

1. e4 e5 2. Nf3 Nc6 3. Nc3 Nf6 4. d4 exd4 5. Nxd4 Bb4 6. Nxc6 bxc6 7. Bd2 0-0 8. Bd3 Re8 9. 0-0 d5 10. exd5 cxd5 11. a3 Bc5 12. Bg5 Be7 13. h3 Bb7 14. Re1 d4 15. Ne2 Qd5 16. Be4 Nxe4 17. Bxe7 Rxe7 18. Nf4 Qf5 19. Nd3 Rae8 20. Rf1 Nc5 21. Nb4 a5 22. Na2 Ba6 0-1

[Event "Budapest Art Pub Cup 7th"]
[Site "Budapest"]
[Date "2015.03.14"]
[Round "3"]
[White "Csajbok, Levente Tamas"]
[Black "Csalami, Gabor"]
[Result "1-0"]
[WhiteElo "1538"]
[BlackElo "1910"]
[PlyCount "97"]
[EventDate "2015.03.13"]
[EventType "swiss"]
[EventRounds "6"]
[EventCountry "HUN"]
[SourceTitle "CBM 165 Extra"]
[Source "ChessBase"]
[SourceDate "2015.04.21"]
[SourceVersion "1"]
[SourceVersionDate "2015.04.21"]
[SourceQuality "1"]

1. e4 c5 2. Nf3 d6 3. d4 cxd4 4. Qxd4 Nc6 5. Bb5 Bd7 6. Bxc6 Bxc6 7. Nc3 Nf6 8. Bg5 Nd7 9. 0-0 Qb6 10. Qxb6 Nxb6 11. Nd4 g6 12. Ndb5 Kd7 13. f4 Bg7 14. e5 d5 15. Rad1 a6 16. Nd4 e6 17. b3 Rac8 18. Nf3 Na8 19. Ne4 Nc7 20. Nd6 Rcf8 21. c4 Ne8 22. c5 Nxd6 23. cxd6 Bb5 24. Rf2 Rc8 25. Be7 h6 26. a4 Bc6 27. Nd4 b5 28. Rc2 Bb7 29. Rdc1 Rxc2 30. Rxc2 Rc8 31. Rxc8 Bxc8 32. axb5 axb5 33. Nxb5 g5 34. g3 gxf4 35. gxf4 h5 36. Kf2 Bh6 37. Ke3 Ba6 38. Nd4 Bf1 39. b4 Ba6 40. b5 Bb7 41. b6 Ba6 42. h4 Bb7 43. Kf3 Bg7 44. Ke3 Bh6 45. Nb3 Bc6 46. Na5 d4+ 47. Kxd4 Bxf4 48. Nxc6 Kxc6 49. b7 1-0

[Event "Budapest Art Pub Cup 7th"]
[Site "Budapest"]
[Date "2015.03.14"]
[Round "2"]
[White "Suller, Lorant"]
[Black "Csajbok, Levente Tamas"]
[Result "0-1"]
[WhiteElo "1767"]
[BlackElo "1538"]
[PlyCount "96"]
[EventDate "2015.03.13"]
[EventType "swiss"]
[EventRounds "6"]
[EventCountry "HUN"]
[SourceTitle "CBM 165 Extra"]
[Source "ChessBase"]
[SourceDate "2015.04.21"]
[SourceVersion "1"]
[SourceVersionDate "2015.04.21"]
[SourceQuality "1"]

1. c4 c5 2. Nc3 Nc6 3. d3 g6 4. g3 Bg7 5. Bg2 Nf6 6. e3 0-0 7. Nge2 e6 8. Nf4 Ne7 9. e4 d6 10. 0-0 Rb8 11. h3 a6 12. a4 Bd7 13. Be3 Qc8 14. Kh2 b5 15. axb5 axb5 16. Ra2 b4 17. Na4 Rd8 18. Qb3 e5 19. Ne2 Rf8 20. Qd1 Be6 21. b3 Nd7 22. Qd2 f5 23. f4 Qc7 24. Nb2 exf4 25. Nxf4 Bf7 26. Nd5 Bxd5 27. cxd5 Ne5 28. Bf4 fxe4 29. dxe4 Rf7 30. Bxe5 Bxe5 31. Rxf7 Kxf7 32. Nc4 Rd8 33. h4 Kg7 34. Bh3 Bd4 35. Be6 Rf8 36. Qg5 Nc8 37. h5 Nb6 38. h6+ Kh8 39. Qc1 Nxc4 40. Qxc4 Qe7 41. Kg2 Qg5 42. Re2 Be5 43. Qd3 Bd4 44. Qd2 Qxd2 45. Rxd2 Bc3 46. Re2 c4 47. bxc4 b3 48. Bd7 b2 0-1